[Event "GER-chT Federal Cup (Women)"]
[White "Mehling, Katharina"]
[Black "Zeller, Elisa"]
[Site "Braunfels"]
[Round "3.5"]
[Result "0-1"]
[Date "2019.06.21"]
[WhiteElo "1974"]
[BlackElo "1953"]
[PlyCount "64"]
[EventDate "2019.06.20"]
[EventType "team-swiss"]
[EventRounds "5"]
[EventCountry "GER"]
[SourceTitle "CBM 191 Extra"]
[Source "ChessBase"]
[SourceDate "2019.09.30"]
[SourceVersion "1"]
[SourceVersionDate "2019.09.30"]
[SourceQuality "1"]

1. e4 e6 2. d4 d5 3. Nd2 c5 4. exd5 Qxd5 5. Ngf3 cxd4 6. Bc4 Qd7 7. 0-0 Nc6 8. Nb3 a6 9. a4 Nf6 10. Qe2 Qc7 11. Nbxd4 Nxd4 12. Nxd4 Be7 13. b3 0-0 14. Bb2 e5 15. Nf3 e4 16. Nd2 Bg4 17. Qe3 Bf5 18. Qg5 Bg6 19. Rfe1 e3 20. Qxe3 Ng4 21. Qxe7 Qxh2+ 22. Kf1 Rae8 23. Qxf8+ Rxf8 24. Nf3 Qh1+ 25. Ng1 Nh2+ 26. Ke2 Qxg2 27. Kd2 Qxf2+ 28. Re2 Qf4+ 29. Ke1 Ng4 30. Bc3 Qg3+ 31. Kd2 Rd8+ 32. Kc1 Qxc3 0-1

[Event "Berlin Lichtenberger op 14th"]
[White "Miersch, Marco"]
[Black "Zeller, Elisa"]
[Site "Berlin"]
[Round "8"]
[Result "1-0"]
[Date "2015.08.22"]
[WhiteElo "2137"]
[BlackElo "1947"]
[PlyCount "111"]
[EventDate "2015.08.15"]
[EventType "swiss"]
[EventRounds "9"]
[EventCountry "GER"]
[SourceTitle "EXT 2016"]
[Source "ChessBase"]
[SourceDate "2015.10.08"]
[SourceVersion "1"]
[SourceVersionDate "2015.10.08"]
[SourceQuality "1"]

1. e4 e6 2. d4 d5 3. Nd2 Nf6 4. e5 Nfd7 5. Bd3 c5 6. c3 Nc6 7. Ne2 cxd4 8. cxd4 Qb6 9. Nb3 Bb4+ 10. Nc3 Na5 11. 0-0 Nxb3 12. Qxb3 Be7 13. Be3 Qxb3 14. axb3 0-0 15. f4 f6 16. Nb5 fxe5 17. fxe5 Rxf1+ 18. Bxf1 Bd8 19. Rxa7 Rb8 20. Ra1 Bb6 21. Kf2 Nf8 22. h4 Ng6 23. h5 Ne7 24. g4 Bd7 25. Bd3 Rf8+ 26. Ke2 Nc6 27. Rd1 Na5 28. g5 Nxb3 29. g6 h6 30. Bf2 Rf4 31. Ke3 Rf8 32. Ke2 Rf4 33. Ke3 Rf8 34. Be1 Bxb5 35. Bxb5 Rf5 36. Bd7 Rxe5+ 37. Kd3 Re4 38. Bc3 Bxd4 39. Bxe6+ Rxe6 40. Bxd4 Nxd4 41. Kxd4 Re8 42. Rf1 Re2 43. b4 Re4+ 44. Kc5 d4 45. Kd5 Rg4 46. Ra1 Kf8 47. Kd6 Re4 48. Rf1+ Kg8 49. Kd5 Rg4 50. Rc1 Rf4 51. Rc8+ Rf8 52. Rxf8+ Kxf8 53. Kxd4 Ke7 54. Kc5 Kd7 55. Kb6 Kc8 56. Ka7 1-0

[Event "Berlin Lichtenberger op 14th"]
[White "Zeller, Elisa"]
[Black "Matitschka, Johannes"]
[Site "Berlin"]
[Round "7"]
[Result "1-0"]
[Date "2015.08.21"]
[WhiteElo "1947"]
[BlackElo "1542"]
[PlyCount "73"]
[EventDate "2015.08.15"]
[EventType "swiss"]
[EventRounds "9"]
[EventCountry "GER"]
[SourceTitle "EXT 2016"]
[Source "ChessBase"]
[SourceDate "2015.10.08"]
[SourceVersion "1"]
[SourceVersionDate "2015.10.08"]
[SourceQuality "1"]

1. e4 e5 2. Nf3 Nc6 3. Bb5 d6 4. 0-0 Bd7 5. c3 Nf6 6. Re1 g6 7. d4 exd4 8. cxd4 Bg7 9. Bg5 Qc8 10. e5 dxe5 11. Nxe5 0-0 12. Nc3 a6 13. Bxc6 bxc6 14. Qf3 Nd5 15. Nxd5 cxd5 16. Be7 Bxe5 17. Bxf8 Bxd4 18. Ba3 Be6 19. h3 Qb7 20. Rac1 Rc8 21. Qf4 Qb6 22. Red1 Bxb2 23. Rb1 Bxa3 24. Rxb6 cxb6 25. Qa4 Rc3 26. Qxa6 Bc5 27. Qa4 Ra3 28. Qe8+ Kg7 29. Rd2 d4 30. h4 Bxa2 31. Qe5+ Kg8 32. h5 gxh5 33. Qg5+ Kh8 34. Rxd4 Bxd4 35. Qd8+ Kg7 36. Qxd4+ Kg6 37. Qd6+ 1-0

[Event "Berlin Lichtenberger op 14th"]
[White "Janse, Sebastiaan"]
[Black "Zeller, Elisa"]
[Site "Berlin"]
[Round "4"]
[Result "1/2-1/2"]
[Date "2015.08.18"]
[WhiteElo "1725"]
[BlackElo "1947"]
[PlyCount "89"]
[EventDate "2015.08.15"]
[EventType "swiss"]
[EventRounds "9"]
[EventCountry "GER"]
[SourceTitle "EXT 2016"]
[Source "ChessBase"]
[SourceDate "2015.10.08"]
[SourceVersion "1"]
[SourceVersionDate "2015.10.08"]
[SourceQuality "1"]

1. e4 e6 2. d4 d5 3. Nd2 Nf6 4. Bd3 c5 5. Ngf3 Nc6 6. c3 dxe4 7. Nxe4 cxd4 8. cxd4 Bb4+ 9. Bd2 Bxd2+ 10. Qxd2 0-0 11. 0-0 h6 12. Rfd1 Nd5 13. Rac1 Nde7 14. Ng3 b6 15. Be4 Bb7 16. Ne5 Rc8 17. Nxc6 Nxc6 18. d5 exd5 19. Bxd5 Na5 20. Rxc8 Qxc8 21. Bxb7 Qxb7 22. h3 Qc7 23. Nf5 Qe5 24. Ne3 Qe6 25. Qd5 Qf6 26. Qd4 Qc6 27. Nf5 Qf6 28. Qxf6 gxf6 29. Nxh6+ Kh7 30. Ng4 Kg7 31. Rd7 Re8 32. Ne3 Nc6 33. Rc7 Re6 34. Nf5+ Kg6 35. Rxc6 Re1+ 36. Kh2 Kxf5 37. Rc7 Re2 38. Rxf7 a5 39. a4 Rxf2 40. b4 axb4 41. Rb7 Ra2 42. Rxb6 Rxa4 43. g4+ Kg5 44. Rb5+ Kg6 45. h4 1/2-1/2

[Event "Berlin Lichtenberger op 14th"]
[White "Reck, Jessica"]
[Black "Zeller, Elisa"]
[Site "Berlin"]
[Round "2"]
[Result "0-1"]
[Date "2015.08.16"]
[WhiteElo "1655"]
[BlackElo "1947"]
[PlyCount "102"]
[EventDate "2015.08.15"]
[EventType "swiss"]
[EventRounds "9"]
[EventCountry "GER"]
[SourceTitle "EXT 2016"]
[Source "ChessBase"]
[SourceDate "2015.10.08"]
[SourceVersion "1"]
[SourceVersionDate "2015.10.08"]
[SourceQuality "1"]

1. d4 Nf6 2. c4 g6 3. Nf3 Bg7 4. g3 d6 5. Bg2 Nbd7 6. 0-0 0-0 7. Nc3 Re8 8. h3 c6 9. e4 e5 10. Be3 Qc7 11. Kh2 a6 12. a4 exd4 13. Nxd4 Ne5 14. Qb3 h5 15. Kg1 Ned7 16. Qc2 Nf8 17. Rfd1 Be6 18. b3 Rad8 19. Rac1 Qc8 20. Kh2 Qc7 21. Kg1 Bc8 22. Rd2 Ne6 23. Rcd1 Nxd4 24. Bxd4 Be6 25. Be3 b5 26. cxb5 cxb5 27. Bf4 Rc8 28. Rc1 Qa5 29. Qd3 Nd7 30. Ne2 Nc5 31. Qe3 Nxb3 32. Rxc8 Rxc8 33. Rxd6 Qxa4 34. e5 a5 35. Nc3 Qa1+ 36. Nd1 a4 37. Kh2 Nc5 38. Nc3 Bf8 39. Rd1 Qb2 40. Rb1 Qc2 41. Rxb5 Nd3 42. Ne4 Nxf4 43. Qxf4 a3 44. Nf6+ Kg7 45. Be4 Qe2 46. Rb7 Bc5 47. Nxh5+ Qxh5 48. Qf6+ Kg8 49. g4 Qh8 50. Qg5 Qg7 51. Kg3 a2 0-1

[Event "Stuttgart-chA op"]
[White "Zeller, Elisa"]
[Black "Engelhardt, Frank"]
[Site "Ditzingen"]
[Round "4"]
[Result "1-0"]
[Date "2015.05.15"]
[WhiteElo "1956"]
[BlackElo "1819"]
[PlyCount "84"]
[EventDate "2015.05.14"]
[EventType "swiss"]
[EventRounds "7"]
[EventCountry "GER"]
[SourceTitle "EXT 2018"]
[Source "ChessBase"]
[SourceDate "2017.10.13"]
[SourceVersion "1"]
[SourceVersionDate "2017.10.13"]
[SourceQuality "1"]

1. e4 c5 2. Nf3 e6 3. d4 cxd4 4. Nxd4 a6 5. Nc3 Nc6 6. Be3 Qc7 7. Be2 Nf6 8. 0-0 Be7 9. Qd2 b5 10. f3 Bb7 11. a3 0-0 12. Rac1 Rac8 13. Kh1 Ne5 14. Rfd1 Nc4 15. Bxc4 Qxc4 16. e5 Nd5 17. Nxd5 Bxd5 18. Nf5 Rfe8 19. Bf2 Qc6 20. Nxe7+ Rxe7 21. b3 Qc3 22. Qg5 Ree8 23. Bd4 Qa5 24. Bb2 b4 25. a4 Rc6 26. Rd4 Qc5 27. Rg4 Qf8 28. c4 bxc3 29. Ba3 d6 30. Bxd6 Rxd6 31. exd6 f6 32. Qh5 g6 33. Qh4 f5 34. Rd4 Qxd6 35. Rxc3 e5 36. Rd1 e4 37. fxe4 Rxe4 38. Qg3 Qe6 39. Qb8+ Kg7 40. Qc7+ Kf6 41. Qd8+ Kg7 42. Rg1 Rh4 1-0

[Event "Staufer op-B 27th"]
[White "Zeller, Elisa"]
[Black "Stork, Oliver"]
[Site "Schwaebisch Gmuend"]
[Round "4"]
[Result "1-0"]
[Date "2015.01.03"]
[WhiteElo "1956"]
[BlackElo "1745"]
[PlyCount "59"]
[EventDate "2015.01.02"]
[EventType "swiss"]
[EventRounds "9"]
[EventCountry "GER"]
[SourceTitle "EXT 2016"]
[Source "ChessBase"]
[SourceDate "2015.10.08"]
[SourceVersion "1"]
[SourceVersionDate "2015.10.08"]
[SourceQuality "1"]

1. e4 e5 2. Nf3 Nc6 3. Bb5 Nf6 4. 0-0 Nxe4 5. Re1 Nd6 6. Nxe5 Be7 7. Ba4 Nxe5 8. Rxe5 0-0 9. d4 Bf6 10. Re1 Nf5 11. c3 d5 12. Bc2 c6 13. Nd2 Re8 14. Nf3 Be6 15. Bf4 Nh4 16. Bg3 Nxf3+ 17. Qxf3 Qd7 18. h3 Rec8 19. Rad1 Be7 20. Bf4 Bd6 21. Bg5 h6 22. Bd2 Rf8 23. Re2 Rae8 24. Rde1 Bc7 25. Qh5 Qd6 26. g3 Bd7 27. Bf4 Qf6 28. Bxc7 Rxe2 29. Rxe2 g5 30. Be5 1-0

[Event "GER-chT Lands U20"]
[White "Zeller, Elisa"]
[Black "Biastoch, Bennet"]
[Site "Hannover"]
[Round "7.5"]
[Result "1-0"]
[Date "2014.10.07"]
[WhiteElo "1922"]
[BlackElo "1877"]
[PlyCount "79"]
[EventDate "2014.10.03"]
[EventType "team-swiss"]
[EventRounds "7"]
[EventCountry "GER"]
[SourceTitle "CBM 162 Extra"]
[Source "ChessBase"]
[SourceDate "2014.10.17"]
[SourceVersion "1"]
[SourceVersionDate "2014.10.17"]
[SourceQuality "1"]
[WhiteTeam "Wuerttemberg"]
[BlackTeam "Sachsen Anhalt"]
[WhiteTeamCountry "GER"]
[BlackTeamCountry "GER"]

1. e4 c5 2. Nf3 d6 3. d4 cxd4 4. Nxd4 Nf6 5. Nc3 a6 6. Be2 e6 7. 0-0 Nbd7 8. Be3 b5 9. a3 Bb7 10. f3 Be7 11. Qd2 0-0 12. Kh1 d5 13. exd5 Nxd5 14. Nxd5 Bxd5 15. b3 Qc7 16. c4 bxc4 17. bxc4 Bb7 18. Rfd1 Nc5 19. Qc2 Rfc8 20. Nb3 Nxb3 21. Qxb3 Rab8 22. Ba7 Ra8 23. Bb6 Qc6 24. Bd3 Qe8 25. a4 a5 26. Bd4 Bb4 27. Qc2 h6 28. Qb2 Qf8 29. Qe2 Bc5 30. Bb2 Ra6 31. Bc2 Rb6 32. Qd3 f5 33. Qc3 Be7 34. Qd4 Rb4 35. Qe5 Rc6 36. Ba3 Rbxc4 37. Bb3 Qf7 38. Bxc4 Bf6 39. Qe2 Bxa1 40. Rxa1 1-0

[Event "GER-chT Lands U20"]
[White "Hartmann, Martin"]
[Black "Zeller, Elisa"]
[Site "Hannover"]
[Round "4.5"]
[Result "0-1"]
[Date "2014.10.05"]
[WhiteElo "1864"]
[BlackElo "1922"]
[PlyCount "62"]
[EventDate "2014.10.03"]
[EventType "team-swiss"]
[EventRounds "7"]
[EventCountry "GER"]
[SourceTitle "CBM 162 Extra"]
[Source "ChessBase"]
[SourceDate "2014.10.17"]
[SourceVersion "1"]
[SourceVersionDate "2014.10.17"]
[SourceQuality "1"]
[WhiteTeam "Baden"]
[BlackTeam "Wuerttemberg"]
[WhiteTeamCountry "GER"]
[BlackTeamCountry "GER"]

1. f4 d5 2. b3 e6 3. Nf3 Nf6 4. Bb2 c5 5. e3 Nc6 6. Bb5 Bd7 7. 0-0 Be7 8. a4 0-0 9. Ne5 Rc8 10. Qf3 Nxe5 11. fxe5 Ne8 12. Bd3 g6 13. Nc3 a6 14. Ne2 Ng7 15. Ng3 b5 16. axb5 axb5 17. c3 Bc6 18. Ra7 Rc7 19. Rfa1 c4 20. Bc2 Rxa7 21. Rxa7 Bc5 22. Ra1 Qc7 23. Qf4 f6 24. Ba3 fxe5 25. Qg4 Qa7 26. Bb2 Qb6 27. b4 Bxe3+ 28. dxe3 Qxe3+ 29. Kh1 Rf2 30. Rc1 Rxc2 31. Rf1 d4 0-1

[Event "GER-chT Lands U20"]
[White "Zeller, Elisa"]
[Black "Wagner, Benjamin"]
[Site "Hannover"]
[Round "3.5"]
[Result "1-0"]
[Date "2014.10.04"]
[WhiteElo "1922"]
[BlackElo "1601"]
[PlyCount "79"]
[EventDate "2014.10.03"]
[EventType "team-swiss"]
[EventRounds "7"]
[EventCountry "GER"]
[SourceTitle "CBM 162 Extra"]
[Source "ChessBase"]
[SourceDate "2014.10.17"]
[SourceVersion "1"]
[SourceVersionDate "2014.10.17"]
[SourceQuality "1"]
[WhiteTeam "Wuerttemberg"]
[BlackTeam "Team Nord"]
[WhiteTeamCountry "GER"]
[BlackTeamCountry "GER"]

1. e4 e5 2. Nf3 Nc6 3. Bb5 a6 4. Ba4 Nf6 5. 0-0 Be7 6. Re1 b5 7. Bb3 d6 8. c3 0-0 9. h3 Na5 10. Bc2 c5 11. d3 Qc7 12. Nbd2 Re8 13. Nf1 h6 14. Ng3 Bf8 15. Nh4 Nc6 16. Qf3 Qd8 17. a4 Rb8 18. axb5 axb5 19. Bb3 b4 20. Ba4 Bd7 21. Nhf5 Ra8 22. Bd2 Kh7 23. Bxc6 Bxc6 24. cxb4 g6 25. Ne3 Bg7 26. bxc5 dxc5 27. Nc4 Bb5 28. Rxa8 Qxa8 29. Nd6 Rb8 30. Bc3 Qa2 31. Bxe5 Qe6 32. Nc4 Bxc4 33. Bxb8 Bb5 34. e5 Bc6 35. Qe3 Nd7 36. Bd6 Qd5 37. Qe4 Qxe4 38. Nxe4 Nxe5 39. Bxe5 Bxe5 40. Ng5+ 1-0

[Event "Magdeburg op-A"]
[White "Wenninger, Philipp"]
[Black "Zeller, Elisa"]
[Site "Magdeburg"]
[Round "9"]
[Result "1-0"]
[Date "2014.06.14"]
[WhiteElo "2254"]
[BlackElo "2008"]
[PlyCount "83"]
[EventDate "2014.06.08"]
[EventType "swiss"]
[EventRounds "9"]
[EventCountry "GER"]
[SourceTitle "CBM 160 Extra"]
[Source "ChessBase"]
[SourceDate "2014.07.01"]
[SourceVersion "1"]
[SourceVersionDate "2014.07.01"]
[SourceQuality "1"]

1. d4 Nf6 2. c4 g6 3. Nc3 Bg7 4. e4 d6 5. f3 Nbd7 6. Nh3 e5 7. d5 a6 8. Nf2 Qe7 9. Be3 h6 10. Qd2 Nf8 11. Be2 Bd7 12. 0-0 g5 13. b4 Ng6 14. c5 0-0 15. Rac1 Ne8 16. g4 Nf4 17. Nd3 Qf6 18. Nxf4 gxf4 19. Bf2 Qg6 20. Kh1 Kh7 21. Rg1 Rh8 22. h3 h5 23. Kg2 Kg8 24. Rh1 Nf6 25. Rcg1 Kh7 26. Kf1 Rhe8 27. Rh2 Kg8 28. Ke1 Kf8 29. Kd1 Rec8 30. Kc1 Ne8 31. Kb2 a5 32. b5 hxg4 33. hxg4 dxc5 34. Bxc5+ Nd6 35. a4 b6 36. Ba3 Ke8 37. Nb1 f5 38. Nc3 fxg4 39. fxg4 f3 40. Bxd6 fxe2 41. Ba3 Bxg4 42. Rhg2 1-0